Etelä-Pohjanmaan naapurikunnat - Statistics

Yleistilastot
  • Tätä visaa on pelattu 21 kertaa
  • Keskiarvotulos 14 / 24
Vastaustilastot
Kunta % Oikein
Parkano
94%
Vaasa
81%
Virrat
75%
Kankaanpää
69%
Närpiö
69%
Veteli
69%
Karstula
63%
Kristiinankaupunki
63%
Kruunupyy
63%
Kyyjärvi
63%
Laihia
63%
Multia
63%
Pedersören kunta
63%
Keuruu
56%
Kihniö
56%
Perho
56%
Saarijärvi
56%
Karvia
50%
Uusikaarlepyy
50%
Vöyri
50%
Maalahti
44%
Merikarvia
38%
Luoto
31%
Siikainen
31%
Ehtoja vastaavia visoja ei löytynyt
Tulosjakauma
Jokaisen tuloksen saaneiden osuus
Persentiili vastausten määrän mukaan
Tuloshistoriasi
Et ole pelannut tätä visaa